000
00307nam a22001337a 4500
008
181015b xxu||||| |||| 00| 0 eng d
020
_a
0520029488
041
_a
eng
080
_a
321
100
_a
21
101
_a
POL
245
_a
Policy Analysis In The Bureeaucracy
_c
Meltsner.A.J
942
_2
udc
_c
BK
999
_c
49693
_d
49693